| 000 | 00693 a2200205 4500 | ||
|---|---|---|---|
| 005 | 20260302163842.0 | ||
| 008 | 260302b |||||||| |||| 00| 0 eng d | ||
| 020 | _a9789360805715 | ||
| 040 | _cSDCL | ||
| 041 |
_2eng _aeng |
||
| 084 | _aY492.1'P R5 | ||
| 245 | _aThe Legacies of Slave Trade, Slavery and Indentured Labour in Post-slavery Societies in the Caribbean | ||
| 260 |
_aNew Delhi : _bManohar Publishers and Distributors, _c2025. |
||
| 300 | _a226p. | ||
| 490 |
_aThe Legacy of slavery and indentured labour _vVolume 8 |
||
| 700 |
_aToussaint, Michael Ed. _91123476 |
||
| 700 |
_aEgger, Jerome L. Ed. _91123477 |
||
| 700 |
_aJagdew, Eric R. Ed. _91123478 |
||
| 942 |
_cTEXL _2CC |
||
| 999 |
_c1678327 _d1678327 |
||